000 00452nam a2200181Ia 4500
001 20142
005 20260306172744.0
008 260306t2012||||xx |||||||||||||| ||spa||
041 _aESP
082 _a342.72
_bB64
100 _aBloch, Roberto D.
_eAUT
245 0 _aEl contrato de compraventa internacional de mercaderĂ­as
260 _c2012
300 _a137 páginas :
_c23 cm.
650 _aGEN
654 _aCDE
942 _cLIB
_dJUS
_fJUS
_2ddc
_n
999 _c20142
_d20142